| 000 | 00426nam a22001337a 4500 | ||
|---|---|---|---|
| 020 | _qPB. | ||
| 040 | _cFIZZA ISHAQ | ||
| 082 |
_a629.45 _bALA |
||
| 100 |
_aBLANKSTEIN,M.ALAN. _9133857 |
||
| 245 |
_aFAILURE IS NOT AN OPTION SIX PRINCIPLES THAT GUIDE STUDENT ACHIEVEMENT IN HIGH-PERFORMING SCHOOLS / _cALAN M.BLANKSTEIN. |
||
| 260 |
_aNEW YORK ; _bCORWIN PRESS, _c2004. |
||
| 300 |
_a276 P. ; _c9.1X6.1IN |
||
| 942 |
_2ddc _cBK |
||
| 999 |
_c616839 _d616839 |
||